000 00582nam a2200217 a 4500
001 85961
003 BD-RjUL
005 20251117112729.0
008 251117s1960 enk||||| |||| 00| 0 eng d
035 _a(BD-RjUL)85961
040 _aBD-RjUL
_beng
_cBD-RjUL
041 _aeng
082 _223
_a823
_bWAS 1960
100 _aWallace, Edgar
_917332
245 _aThe Square Emerald /
_cEdgar Wallace
260 _aLondon:
_bHodder and Stoughton,
_c1960
300 _a190 p. ;
_c18 cm.
650 _aEnglish Fiction
650 _aSquare Emerald
_vFiction
_917333
942 _2ddc
_cBK
999 _c85961
_d85961